000 00514nam a2200217Ia 4500
003 0100
008 130303s9999 xx 000 0 und d
040 _cARRUPELIB
050 _aBL181.D36 1953
100 _aDefever, J
245 _aLa preuve reele de dieu
245 _bEtude critique
260 _aParis
260 _bDesclee de Brouwer
260 _C1953
300 _a144p.
300 _b 24cm.
440 _aMuseum lessianum - section philosophique, no. 37
650 _aRELIGION
942 0 0 _03
999 _c53997
_d53997